Талисманите (Запис номер 2875)
[ съкратено ]
| 000 -Лидер | |
|---|---|
| Контролно поле с фиксирана дължина | nam a22 a 4500 |
| 003 - Код на организацията, давaща контролен номер | |
| Контролно поле | BLK |
| 005 - Дата и час на последна редакция | |
| Контролно поле | 20210707134235.0 |
| 008 - Елементи от данни с фиксирана дължина | |
| fixed length control field | 180412b bul|||||r ||||||| ||bul|| |
| 010 ## - Наследен системен номер | |
| LC control number | KNG00003903000 |
| 020 ## - Международен стандартен номер на книга ISBN | |
| Международен стандартен номер на книга ISBN | 954-428-071-5 |
| 040 ## - Източник на каталожния запис | |
| Идентификатор на билиотеката - собственик на записа | BLK |
| 041 ## - Код за език | |
| Код за езика на текст/звукозапис или на отделно заглавие | Български |
| Код за езика КДБФ | Български |
| 080 ## - УДК | |
| Текстов определител УДК | Култ. Религиозни обичаи, обреди. Богослужение. Религ. церимониал, символика, мистерии, ритуални убийства. Амулети. Талисмани. Оракули, магьосници, вещери. Екзорсизъм. Свети места Вж и 1 |
| УДК код - определител по УДК | 291.3 |
| УДК определител | (035) |
| УДК - код + определител | 291.3(035) |
| 080 ## - УДК | |
| Текстов определител УДК | Астрология |
| УДК код - определител по УДК | 133.52 |
| УДК определител | (035) |
| УДК - код + определител | 133.52(035) |
| 080 ## - УДК | |
| Текстов определител УДК | Парапсихология. Нумерология. - Халюцинации, пророчества, предсказания, магии, демонология, телепатия, спиритизъм, илюзии, нумерология, мошеничество. Вж и 133 ; 398.4 ; 615.851 |
| УДК код - определител по УДК | 159.961 |
| УДК определител | (035) |
| УДК - код + определител | 159.961(035) |
| 100 1# - Редна дума - Автор | |
| Автор | Жулиен, Надя |
| Авторска отговорност | първи автор |
| R(LIN) | 246443 |
| 139 ## - Редно поле | |
| Редна дума | Жулиен, Надя |
| Авторски знак | Жул - Ж 82 |
| 245 10 - Сведения за заглавието | |
| Заглавие | Талисманите |
| Редно поле (дума) | Надя Жулиен; прев. от фр. Елена Константинова. |
| 257 ## - Страна на издаване | |
| Страна на създаване/издаване | Франция |
| 260 ## - Област на издателските данни | |
| Име на издателя, разпространителя и проч. | Хемус |
| Година на издаване | 1994 |
| Място на издаване, разпространение и проч. | София |
| 300 ## - Физическа характеристика | |
| Страници | 68 с. |
| Илюстрации и др. | със сх., табл., ил. |
| Размери/Мащаб | 20 см |
| 380 ## - Жанр | |
| Жанр | Религия. Теология |
| 500 ## - Общи забележки | |
| Забележка | Ориг. загл. Les talismans et leurs secrets / Nadia Julien. - 8 000 тир. |
| 650 #4 - Допълнително описание по предмет – тема | |
| Основно описание – тема или топоним | Амулети и талисмани - наръчници и ръководства |
| 9 (RLIN) | 246445 |
| 650 #4 - Допълнително описание по предмет – тема | |
| Основно описание – тема или топоним | Символи и знаци - наръчници и ръководства |
| 9 (RLIN) | 246446 |
| 650 #4 - Допълнително описание по предмет – тема | |
| Основно описание – тема или топоним | Астрология - наръчници и ръководства |
| 9 (RLIN) | 246447 |
| 650 #4 - Допълнително описание по предмет – тема | |
| Основно описание – тема или топоним | Парапсихология - наръчници и ръководства |
| 9 (RLIN) | 246448 |
| 653 ## - Ключова дума – ненормативна | |
| Ключова дума | амулети |
| 653 ## - Ключова дума – ненормативна | |
| Ключова дума | талисмани |
| 653 ## - Ключова дума – ненормативна | |
| Ключова дума | парапсихология |
| 700 1# - Други автори (авторска отговорност) | |
| Лично име | Константинова, Елена |
| Автороска отговорност (Описва отношението между автора и произведението) | прев. от фр. |
| 9 (RLIN) | 246444 |
| 852 ## - Местоположение | |
| Форматна сигнатура | Цб 181391 |
| 856 4# - Електронен адрес и достъп | |
| Електронен формат | pdf - файл |
| Път до файла /url/ | |
| 999 ## - СИСТЕМНИ КОНТРОЛНИ НОМЕРА | |
| Koha biblionumber | 2875 |
| Koha biblioitemnumber | 2875 |
| 942 ## - АРТИКУЛИ | |
| Вид на библиотечния материал | Книги |
| Скрит в OPAC | Не |
| Периодичен библиозапис | Да |
| Koha issues (borrowed), all copies | 1 |
| 944 ## - СЪЗДАВАНЕ И РЕДАКЦИЯ на ЗАПИСА | |
| Създаване/Редакция | Създаване |
| Дата на регистрацията/редакция | 13.03.2003 |
| Служител, извършил регистрацията/редакцията | AB_DOS |
| 944 ## - СЪЗДАВАНЕ И РЕДАКЦИЯ на ЗАПИСА | |
| Създаване/Редакция | Редакция |
| Дата на регистрацията/редакция | 2020-07-07 |
| 999 ## - СИСТЕМНИ КОНТРОЛНИ НОМЕРА | |
| Koha biblioitemnumber | 2875 |
| Код за отписване | Код за изгубен артикул | Източник на класификационната схема | Код за повреда | Коз за рестрикции | Код за отдаване | Артикулен № | Име на библиотеката - собственик | Име на библиотеката, в която се намира в момента | Статус (Текущо местоположение) | Дата на вписване в системата | Местоположение - отдел | Цена в лева | Инвентарен номер | Систематично азбучна сигнатура | Баркод | Номер на екземпляра | Цена в евро | Служебна бележка | Служебен тип на артикула |
|---|---|---|---|---|---|---|---|---|---|---|---|---|---|---|---|---|---|---|---|
| Не е изгубен | Universal Decimal Classification | Не е повреден | без рестрикции | заемане за дома | 5260 | Регионална библиотека "Любен Каравелов" Русе | Регионална библиотека "Любен Каравелов" Русе | Заемна - подръчен фонд | 1994-01-01 | Заемна - подръчен фонд | 0.24 | 623791 | П 29/Ж 89 | 120000623791 | 1 | 0.12 | Дост: Pk Вид: Сф N: стар фонд Дата: 01.01.1994 Дата инв: 02.02.2018 Бележки инв: П2018 | Книги | |
| Не е изгубен | Universal Decimal Classification | Не е повреден | без рестрикции | ползва се в читалня | 5261 | Регионална библиотека "Любен Каравелов" Русе | Регионална библиотека "Любен Каравелов" Русе | Хранилище | 1994-01-01 | Хранилище | 0.79 | 606181 | Цб 181391 | 120000606181 | 2 | 0.40 | Дост: Dp Вид: Д N: 38 Дата: 01.01.1994 Дата инв: 10.02.2015 Бележки инв: Цб2015 | Книги | |
| Не е изгубен | Universal Decimal Classification | Не е повреден | без рестрикции | ползва се в читалня | 782092 | Регионална библиотека "Любен Каравелов" Русе | Регионална библиотека "Любен Каравелов" Русе | Хранилище | 2020-07-08 | Хранилище | 0.24 | 623790 | Цб 181391 | 120000623790 | 0.12 | Книги |